[Event "Sveins 10. minneturnering"]
[Site "Oslo"]
[Date "2017.06.23"]
[Round "1"]
[White "Huse, Sigurd Kjelsbøl"]
[Black "Berg, Emanuel"]
[Result "0-1"]
[WhiteElo "1971"]
[BlackElo "2573"]
[PlyCount "52"]
[EventDate "2017.??.??"]

1. e4 e6 2. d4 d5 3. Nc3 Bb4 4. exd5 exd5 5. Bd3 Nc6 6. Nge2 Nge7 7. a3 Bxc3+
8. bxc3 Bf5 9. O-O Qd7 10. Ng3 Bxd3 11. Qxd3 O-O-O 12. Rb1 Na5 13. Qb5 Qxb5 14.
Rxb5 Nc4 15. Re1 Rhe8 16. Kf1 a6 17. Rb1 g6 18. f3 b6 19. Kf2 Kd7 20. Nf1 Nf5
21. Rxe8 Rxe8 22. g4 Nfd6 23. Ra1 Nb5 24. Nd2 Nxc3 25. Nxc4 Re2+ 26. Kf1 dxc4
0-1

[Event "Sveins 10. minneturnering"]
[Site "Oslo"]
[Date "2017.06.23"]
[Round "1"]
[White "Hector, Jonny"]
[Black "Mac Arthur, John"]
[Result "1-0"]
[WhiteElo "2503"]
[BlackElo "1964"]
[PlyCount "45"]
[EventDate "2017.??.??"]

1. e4 c5 2. Nf3 Nc6 3. Nc3 g6 4. d4 cxd4 5. Nxd4 Bg7 6. Nb3 Bxc3+ (6... d6 7.
Be2 Bxc3+ 8. bxc3 Nf6 9. f3 O-O 10. Bg5 Qc7 11. O-O Rd8 12. Qd2 Be6 13. Nd4
Nxd4 14. cxd4 Bc4 15. Bd3 Rac8 16. a4 Qd7 17. d5 Rc7 18. a5 Rdc8 19. Rab1 Bxd3
20. cxd3 Rc2 21. Qb4 R8c7 22. Be3 a6 23. Bb6 R7c3 24. Rfd1 Nh5 25. Be3 Rc7 26.
Rd2 Rxd2 27. Bxd2 Qc8 28. Be3 Nf6 29. h3 Nd7 30. f4 Nf6 31. Kh2 Nh5 32. Rb2 Nf6
33. Bd4 Nd7 34. Qd2 f6 35. Qe2 Qf8 36. Qg4) 7. bxc3 d6 8. f3 Qc7 9. Be2 Ne5
$146 (9... Be6 10. Nd4 O-O-O 11. Nb5 Qa5 12. Bd2 Ne5 13. c4 Qa4 14. Rb1 Bxc4
15. Rb4 Bxb5 16. Rxa4 Bxa4 17. Bc3 Nf6 18. Qd4 Bc6 19. Qxa7 Kd7 20. Bb5 Ra8 21.
Qxb7+ Ke6 22. Bxc6 Nxc6 23. Bxf6 Na5 24. Qxe7#) 10. f4 Nc6 11. O-O Nf6 12. Bf3
O-O 13. Qe2 Be6 14. Rd1 Na5 15. e5 dxe5 16. Qxe5 Qxe5 17. fxe5 Nxb3 18. axb3
Nd7 19. Bxb7 Rab8 20. Rxa7 Nxe5 21. Bf4 f6 22. Bd5 Bxd5 23. Rxd5
1-0

[Event "Sveins 10. minneturnering"]
[Site "Oslo"]
[Date "2017.06.23"]
[Round "1"]
[White "Grønn, Eskil Ekeland"]
[Black "Hillarp Persson, Tiger"]
[Result "0-1"]
[WhiteElo "1962"]
[BlackElo "2496"]
[PlyCount "50"]
[EventDate "2017.??.??"]

1. d4 g6 2. Nc3 Bg7 3. Nf3 a6 4. e4 b5 5. Be3 d6 6. Be2 Nd7 7. d5 Bb7 8. O-O
Ngf6 9. a3 c6 10. dxc6 Bxc6 11. Nd2 Rc8 12. f3 d5 13. exd5 Nxd5 14. Nxd5 Bxd5
15. Rb1 O-O 16. a4 bxa4 17. Bxa6 Rb8 18. Bc4 Nb6 19. Bd3 Ba2 20. Ra1 Nd5 21.
Bc5 Rxb2 22. Nc4 Qc7 23. Nxb2 Qxc5+ 24. Rf2 Bxb2 25. Rxa2 Nc3
0-1

[Event "Sveins 10. minneturnering"]
[Site "Oslo"]
[Date "2017.06.23"]
[Round "1"]
[White "Tan, Justin"]
[Black "Rødsmoen, Maud"]
[Result "1-0"]
[WhiteElo "2448"]
[BlackElo "1947"]
[PlyCount "59"]
[EventDate "2017.??.??"]

1. e4 c5 2. Nf3 e6 3. Nc3 Nc6 4. d4 cxd4 5. Nxd4 Qc7 6. Be3 a6 7. Qf3 Nf6 8.
O-O-O Be7 9. Be2 b5 10. e5 Bb7 11. Nxc6 Bxc6 12. Qg3 Nd5 13. Nxd5 Bxd5 14. Qxg7
O-O-O 15. Kb1 Rdf8 16. Bf3 Rhg8 17. Qxh7 Bxf3 18. gxf3 Qxe5 19. Qd3 Qc7 20. h4
Rh8 21. h5 d6 22. Bd4 f6 23. f4 Rf7 24. Qe4 e5 25. fxe5 fxe5 26. Bxe5 Rhf8 27.
Qa8+ Qb8 28. Qc6+ Kd8 29. Bd4 Bg5 30. Rhe1
1-0

[Event "Sveins 10. minneturnering"]
[Site "Oslo"]
[Date "2017.06.23"]
[Round "1"]
[White "Greibrokk, Ingrid"]
[Black "Hansen, Torbjørn R."]
[Result "1/2-1/2"]
[WhiteElo "1936"]
[BlackElo "2443"]
[PlyCount "60"]
[EventDate "2017.??.??"]

1. e4 e5 2. Nf3 Nc6 3. Bb5 a6 4. Ba4 Nf6 5. O-O Be7 6. Re1 b5 7. Bb3 d6 8. c3
O-O 9. h3 Na5 10. Bc2 c5 11. d4 Nd7 12. Nbd2 exd4 13. cxd4 Nc6 14. Nf1 cxd4 15.
Nxd4 Nxd4 16. Qxd4 Ne5 17. Bf4 Bf6 18. Qb4 Be6 19. Rad1 Qc7 20. Bb3 Qc5 21. Qd2
Rad8 22. Ne3 Nc4 23. Bxc4 bxc4 24. Bxd6 Qb5 25. Qb4 Bxb2 26. Bxf8 Rxf8 27. Qxb5
axb5 28. Rb1 c3 29. Rxb2 cxb2 30. Rb1 Bxa2
1/2-1/2

[Event "Sveins 10. minneturnering"]
[Site "Oslo"]
[Date "2017.06.23"]
[Round "1"]
[White "Arvola, Benjamin"]
[Black "Omtvedt, Per"]
[Result "1-0"]
[WhiteElo "2435"]
[BlackElo "1934"]
[PlyCount "65"]
[EventDate "2017.??.??"]

1. e4 c5 2. Nf3 e6 3. d4 cxd4 4. Nxd4 Nc6 5. Nc3 Qc7 6. Nf3 a6 7. Bd3 Nf6 8.
Qe2 d6 9. h4 Be7 10. h5 h6 11. Bd2 Bd7 12. O-O-O O-O-O 13. Kb1 Kb8 14. Bc1 Ng4
15. Ne1 Nge5 16. Be3 Rc8 17. f4 Nxd3 18. cxd3 b5 19. Nf3 Qb7 20. Rc1 Bd8 21.
Qf2 Ne7 22. Ne2 d5 23. e5 Nf5 24. Rxc8+ Bxc8 25. Bc5 Bd7 26. Rc1 Ne7 27. Ned4
Nc8 28. Qd2 Bb6 29. Nb3 Na7 30. Qe3 Nc8 31. Bxb6 Nxb6 32. Nc5 Qa7 33. Nxd7+
1-0

[Event "Sveins 10. minneturnering"]
[Site "Oslo"]
[Date "2017.06.23"]
[Round "1"]
[White "Lund, Gunnar"]
[Black "Djurhuus, Rune"]
[Result "0-1"]
[WhiteElo "1914"]
[BlackElo "2421"]
[PlyCount "68"]
[EventDate "2017.??.??"]

1. e4 c5 2. Nf3 Nc6 3. Bb5 g6 4. Bxc6 bxc6 5. O-O Bg7 6. d3 d6 7. Nc3 e5 8. h3
Ne7 9. Nh2 f5 10. f4 exf4 11. Bxf4 O-O 12. Qd2 d5 13. exd5 cxd5 14. Bg5 Qd7 15.
Bh6 d4 16. Bxg7 Kxg7 17. Ne4 fxe4 18. Rxf8 Kxf8 19. Rf1+ Kg7 20. Qg5 Qd6 21.
dxe4 h6 22. Qh4 Ng8 23. Qf2 Be6 24. e5 Qxe5 25. Ng4 Bxg4 26. Qf7+ Kh8 27. hxg4
Re8 28. Qxg6 Re6 29. Qf7 Rf6 30. Rxf6 Nxf6 31. Qxa7 Nxg4 32. Qa8+ Kg7 33. Qb7+
Kg6 34. Qc6+ Kg5
0-1

[Event "Sveins 10. minneturnering"]
[Site "Oslo"]
[Date "2017.06.23"]
[Round "1"]
[White "Kaasen, Tor Fredrik"]
[Black "Folkvord, Svein"]
[Result "1-0"]
[WhiteElo "2402"]
[BlackElo "1885"]
[PlyCount "59"]
[EventDate "2017.??.??"]

1. d4 Nf6 2. c4 e6 3. Nf3 b6 4. g3 Ba6 5. Qa4 Bb7 6. Bg2 Be7 7. O-O O-O 8. Nc3
d6 9. Qc2 Nbd7 10. Rd1 c5 11. d5 e5 12. Ne1 Ne8 13. Nd3 f5 14. e4 f4 15. gxf4
exf4 16. Nxf4 Bh4 17. Be3 Nc7 18. Nb5 Nxb5 19. cxb5 Ne5 20. Ne6 Qf6 21. Qe2 g5
22. f4 gxf4 23. Bxf4 Kh8 24. Rf1 Rg8 25. Bxe5 Qxe5 26. Rf5 Qxf5 27. exf5 Bxd5
28. Nf4 Rxg2+ 29. Nxg2 Rg8 30. Rd1
1-0

[Event "Sveins 10. minneturnering"]
[Site "Oslo"]
[Date "2017.06.23"]
[Round "1"]
[White "Kvendseth, Cornelius"]
[Black "Getz, Nicolai"]
[Result "0-1"]
[WhiteElo "1849"]
[BlackElo "2391"]
[PlyCount "56"]
[EventDate "2017.??.??"]

1. Nf3 Nf6 2. d4 g6 3. c4 Bg7 4. Nc3 O-O 5. Bf4 d6 6. e3 Nc6 7. Bd3 Re8 8. O-O
e5 9. Bg5 h6 10. Bxf6 Bxf6 11. Be4 exd4 12. exd4 Bg4 13. Qd3 Kg7 14. d5 Bxf3
15. dxc6 Bxe4 16. Nxe4 bxc6 17. Nxf6 Qxf6 18. b3 a5 19. Rab1 Re7 20. Qd2 a4 21.
b4 Re4 22. Rbc1 Rae8 23. Qc2 a3 24. Qa4 Qb2 25. Rc2 Qb1 26. g3 Re1 27. Rxe1
Qxe1+ 28. Kg2 Qd1
0-1

[Event "Sveins 10. minneturnering"]
[Site "Oslo"]
[Date "2017.06.23"]
[Round "1"]
[White "Ostrovskiy, Aleksandr A"]
[Black "Sundsbo, Sigve"]
[Result "1-0"]
[WhiteElo "2381"]
[BlackElo "1796"]
[PlyCount "77"]
[EventDate "2017.??.??"]

1. e4 e6 2. d4 d5 3. Bd3 dxe4 4. Bxe4 Nf6 5. Bf3 Be7 6. Ne2 O-O 7. O-O Nbd7 8.
Bf4 c5 9. Nbc3 Qb6 10. dxc5 Nxc5 11. a4 Rd8 12. Qc1 a6 13. a5 Qa7 14. b4 Ncd7
15. Qb2 e5 16. Be3 Qb8 17. Ng3 Nf8 18. Na4 Qd6 19. Bc5 Qe6 20. Rfe1 Ng6 21. h3
Rb8 22. Ba7 Ra8 23. Bb6 Re8 24. Rad1 Qc4 25. Bc5 Bxc5 26. Nxc5 Rb8 27. Nge4
Nxe4 28. Rxe4 Qb5 29. c4 Qc6 30. Rxe5 Nxe5 31. Bxc6 Nxc6 32. Rd6 Ne7 33. g4 Ng6
34. Qd2 Ne5 35. Qc3 Ng6 36. Qg3 Ra8 37. f4 Kh8 38. f5 Ne5 39. Qxe5
1-0

[Event "Sveins 10. minneturnering"]
[Site "Oslo"]
[Date "2017.06.23"]
[Round "1"]
[White "Næss, Sara"]
[Black "Haubro, Martin"]
[Result "0-1"]
[WhiteElo "1795"]
[BlackElo "2365"]
[PlyCount "162"]
[EventDate "2017.??.??"]

1. e4 c5 2. Nf3 d6 3. d4 cxd4 4. Nxd4 Nf6 5. Nc3 a6 6. Be2 b5 7. f3 e6 8. Be3
Qc7 9. O-O b4 10. Na4 d5 11. exd5 Nxd5 12. Bf2 Bd6 13. g3 O-O 14. Rc1 Qa5 15.
c4 bxc3 16. Nxc3 Nxc3 17. Rxc3 Bb4 18. Rc4 Be7 19. Qc2 Bd7 20. Nb3 Qd8 21. Qe4
Bc6 22. Rxc6 Nxc6 23. Qxc6 Bf6 24. Bxa6 Bxb2 25. Qc2 Bf6 26. Bb7 Ra4 27. Be4 h5
28. Bc5 Be7 29. Ra1 h4 30. Bc6 Ra6 31. Bb5 Bxc5+ 32. Qxc5 Rd6 33. Be2 Rd5 34.
Qb4 hxg3 35. hxg3 Qc7 36. Kf2 Qa7+ 37. Kg2 Qe3 38. Qe4 Qc3 39. Rh1 g6 40. Qc4
Qb2 41. Nc1 Rd2 42. a4 Rc2 43. Qh4 Rxe2+ 44. Nxe2 Qxe2+ 45. Kg1 Qe3+ 46. Kg2
Qd2+ 47. Kf1 Qc1+ 48. Kf2 Qb2+ 49. Kf1 Rb8 50. Qh7+ Kf8 51. Qh8+ Ke7 52. Qxb2
Rxb2 53. Rh4 Kd6 54. Rh7 f6 55. Rh6 Ra2 56. Rxg6 f5 57. g4 f4 58. Rg8 Rxa4 59.
Rd8+ Ke5 60. Ke2 Kf6 61. Rd6 Ra3 62. Rd3 Ra6 63. Rd4 e5 64. Rd5 Ra2+ 65. Rd2
Ra5 66. Rd6+ Kg5 67. Rc6 Kh4 68. Rh6+ Kg3 69. Re6 Ra2+ 70. Kd3 Ra3+ 71. Kd2 Re3
72. g5 Kxf3 73. g6 e4 74. g7 Re2+ 75. Kc3 Rg2 76. Re7 Ke3 77. Kc4 Rg3 78. Ra7
f3 79. Ra3+ Kf4 80. Ra7 f2 81. Rf7+ Ke3
0-1

[Event "Sveins 10. minneturnering"]
[Site "Oslo"]
[Date "2017.06.23"]
[Round "1"]
[White "Hoi, Carsten"]
[Black "Merkesvik, Amalie Isabel"]
[Result "1-0"]
[WhiteElo "2359"]
[BlackElo "1782"]
[PlyCount "83"]
[EventDate "2017.??.??"]

1. d4 d5 2. Nf3 Nf6 3. c4 c6 4. e3 Bf5 5. Nc3 Nbd7 6. cxd5 Nxd5 7. Nxd5 cxd5 8.
Qb3 Nb6 9. Bd2 Rc8 10. Ne5 f6 11. Bb5+ Nd7 12. Nxd7 Bxd7 13. Qxd5 Bc6 14. Qxd8+
Kxd8 15. Bxc6 Rxc6 16. Ke2 e6 17. Kd3 Bd6 18. h3 Kd7 19. Rhc1 Rhc8 20. e4 e5
21. d5 R6c7 22. Rxc7+ Rxc7 23. Be3 Bc5 24. Rc1 b6 25. Bxc5 bxc5 26. Rc4 Kd6 27.
Ra4 h5 28. Kc4 Kd7 29. b3 Ke7 30. Ra5 Kd6 31. Ra6+ Kd7 32. d6 Rc6 33. Rxc6 Kxc6
34. d7 Kxd7 35. Kxc5 g6 36. b4 Kc7 37. a4 Kd7 38. b5 Kc7 39. a5 Kd7 40. b6
axb6+ 41. Kxb6 Kc8 42. Kc6
1-0

[Event "Sveins 10. minneturnering"]
[Site "Oslo"]
[Date "2017.06.23"]
[Round "1"]
[White "Skaslien, Ingrid"]
[Black "Haug, Johannes"]
[Result "0-1"]
[WhiteElo "1773"]
[BlackElo "2335"]
[PlyCount "56"]
[EventDate "2017.??.??"]

1. d4 Nf6 2. c4 e6 3. Nc3 Bb4 4. Qc2 c5 5. dxc5 O-O 6. Bf4 Na6 7. Bd2 Nxc5 8.
e3 b6 9. Be2 Ba6 10. Nf3 Rc8 11. a3 Bxc3 12. Bxc3 d5 13. cxd5 Nxd5 14. Nd4 Nxc3
15. bxc3 Bxe2 16. Kxe2 e5 17. Nf3 e4 18. Nd4 Qf6 19. Rad1 Nd3 20. f3 Rfe8 21.
Rhf1 Qg6 22. Rg1 Qh5 23. Rh1 Qg5 24. fxe4 Nc5 25. g3 Nxe4 26. Nf3 Qb5+ 27. Ke1
Rxc3 28. Qe2 Qc5
0-1

[Event "Sveins 10. minneturnering"]
[Site "Oslo"]
[Date "2017.06.23"]
[Round "1"]
[White "Grønn, Atle"]
[Black "Vestjord, Harald Christian"]
[Result "1-0"]
[WhiteElo "2331"]
[BlackElo "1760"]
[PlyCount "47"]
[EventDate "2017.??.??"]

1. Nf3 d5 2. d4 Nf6 3. c4 c6 4. Qc2 e6 5. g3 Bd6 6. Bg2 O-O 7. O-O Nbd7 8. Nbd2
Qc7 9. b3 c5 10. cxd5 Nxd5 11. Ba3 Nb4 12. Qb1 cxd4 13. Nxd4 Qb6 14. Nc4 Qxd4
15. Rd1 Qf6 16. Nxd6 Nc6 17. Nxc8 Raxc8 18. Rxd7 Rfd8 19. Bxc6 Rxc6 20. Be7
Rxd7 21. Bxf6 gxf6 22. Qb2 e5 23. Rc1 Rcd6 24. Qa3
1-0

[Event "Sveins 10. minneturnering"]
[Site "Oslo"]
[Date "2017.06.23"]
[Round "1"]
[White "Svanholm, Børge W"]
[Black "Moen, Andreas G.R."]
[Result "0-1"]
[WhiteElo "1756"]
[BlackElo "2330"]
[PlyCount "94"]
[EventDate "2017.??.??"]

1. c4 Nf6 2. Nc3 c6 3. e4 d5 4. cxd5 cxd5 5. e5 Nfd7 6. d4 Nb6 7. Nf3 Nc6 8.
Be2 Bg4 9. O-O e6 10. b3 Be7 11. Bb2 O-O 12. Rc1 Rc8 13. h3 Bh5 14. Ne1 Bg6 15.
f4 Nxd4 16. Bd3 Bxd3 17. Qxd3 Nc6 18. Nf3 Nd7 19. Ne2 Nc5 20. Qe3 Ne4 21. Kh2
Qa5 22. Nc3 Nxc3 23. Qxc3 Qxc3 24. Rxc3 Bb4 25. Rc2 Ne7 26. Rfc1 Rxc2 27. Rxc2
Rc8 28. Rxc8+ Nxc8 29. Kg1 Kf8 30. Kf2 Ke7 31. Ke3 Bc5+ 32. Kd3 f6 33. Bc3 fxe5
34. Nxe5 Bd6 35. Ke3 Bxe5 36. Bxe5 g6 37. Kd4 Kd7 38. Kc5 a6 39. g4 b6+ 40. Kb4
Ne7 41. Bg7 Nc6+ 42. Kc3 e5 43. Bxe5 Nxe5 44. fxe5 Ke6 45. Kd4 g5 46. a3 h6 47.
a4 a5
0-1

[Event "Sveins 10. minneturnering"]
[Site "Oslo"]
[Date "2017.06.23"]
[Round "1"]
[White "Kvisvik, Brede Alex."]
[Black "Neuzil, Torey G"]
[Result "1-0"]
[WhiteElo "2310"]
[BlackElo "1743"]
[PlyCount "75"]
[EventDate "2017.??.??"]

1. d4 e6 2. c4 Bb4+ 3. Nd2 d5 4. g3 Nf6 5. Ngf3 O-O 6. Bg2 Nbd7 7. O-O Qe7 8.
a3 Bxd2 9. Bxd2 b6 10. Qc2 Ba6 11. cxd5 exd5 12. Rfe1 c5 13. b4 Rfc8 14. bxc5
bxc5 15. dxc5 Qxc5 16. Qf5 Qc2 17. Qh3 Ne5 18. Bf4 Nxf3+ 19. Bxf3 Qb2 20. Qf5
Qc2 21. Qg5 h6 22. Qh4 Qf5 23. Bg2 Rc2 24. Bh3 Qe4 25. Rac1 Rxc1 26. Rxc1 Qxe2
27. Bxh6 Ne4 28. Be3 Qb2 29. Bf5 Nf6 30. Rb1 Qe5 31. Qf4 Qxf4 32. Bxf4 Re8 33.
Rb8 g6 34. Bc2 Rc8 35. Ba4 Kg7 36. Rxc8 Bxc8 37. Be5 Bb7 38. h4
1-0

[Event "Sveins 10. minneturnering"]
[Site "Oslo"]
[Date "2017.06.23"]
[Round "1"]
[White "Enersen, Eirik S"]
[Black "Kovachev, Daniel Jakobsen"]
[Result "0-1"]
[WhiteElo "1705"]
[BlackElo "2308"]
[PlyCount "100"]
[EventDate "2017.??.??"]

1. e4 e6 2. Nf3 d5 3. Nc3 d4 4. Ne2 c5 5. c3 dxc3 6. bxc3 Nf6 7. Ng3 Be7 8.
Bb5+ Bd7 9. Bxd7+ Qxd7 10. O-O Nc6 11. Qe2 O-O 12. Bb2 Rac8 13. Rab1 Rfd8 14.
Ba3 b6 15. Rfd1 Na5 16. d3 Qa4 17. Bc1 b5 18. Bf4 b4 19. c4 Nc6 20. Be5 Nxe5
21. Nxe5 Nd7 22. Nxd7 Rxd7 23. e5 Rd4 24. Ne4 Rcd8 25. f3 Qd7 26. Nf2 a5 27. a3
a4 28. Ra1 Kh8 29. Qc2 b3 30. Qc3 f5 31. g3 g5 32. Qb2 Kg7 33. Qe2 h5 34. Rab1
Qc6 35. h3 Rf8 36. Rb2 h4 37. g4 Rf4 38. gxf5 R8xf5 39. Ne4 Qc7 40. Rf1 Qxe5
41. Rbb1 Bd6 42. Qg2 Be7 43. Rbe1 Qd4+ 44. Nf2 Rxf3 45. Re4 Qf6 46. Rg4 b2 47.
Qh2 Rxf2 48. Qxf2 Rxf2 49. Rxf2 b1=Q+ 50. Kg2 Qfa1
0-1

[Event "Sveins 10. minneturnering"]
[Site "Oslo"]
[Date "2017.06.23"]
[Round "1"]
[White "Westerinen, Heikki M.J."]
[Black "Tenold, Andreas"]
[Result "1-0"]
[WhiteElo "2305"]
[BlackElo "1705"]
[PlyCount "53"]
[EventDate "2017.??.??"]

1. e4 c5 2. Nf3 g6 3. c3 Bg7 4. Bc4 Nc6 5. d4 cxd4 6. cxd4 d6 7. Nc3 Bg4 8.
Bxf7+ Kxf7 9. Ng5+ Ke8 10. Qxg4 Nxd4 11. O-O Qc8 12. Qd1 h6 13. Be3 hxg5 14.
Bxd4 Nf6 15. Rc1 Qd7 16. Nd5 Nxd5 17. Bxg7 Rg8 18. Qxd5 Rxg7 19. Qxg5 Rc8 20.
e5 Rxc1 21. Rxc1 d5 22. Qh6 Rg8 23. Qh7 Qe6 24. Rc8+ Qxc8 25. Qxg8+ Kd7 26.
Qxc8+ Kxc8 27. h4
1-0

[Event "Sveins 10. minneturnering"]
[Site "Oslo"]
[Date "2017.06.23"]
[Round "1"]
[White "Røneid, Heidi"]
[Black "Ranaldi, Lucas"]
[Result "0-1"]
[WhiteElo "1702"]
[BlackElo "2278"]
[PlyCount "92"]
[EventDate "2017.??.??"]

1. e4 c5 2. c3 g6 3. d4 cxd4 4. cxd4 d5 5. exd5 Nf6 6. Nc3 Bg7 7. Bb5+ Nbd7 8.
Nf3 O-O 9. O-O Nb6 10. Re1 a6 11. Bf1 Nbxd5 12. Bc4 e6 13. Bg5 Qd6 14. Qd2 Nxc3
15. bxc3 b5 16. Bd3 Bb7 17. Bxf6 Bxf6 18. Be4 Bxe4 19. Rxe4 Rac8 20. Rc1 Rc7
21. Re3 Rfc8 22. Qd3 Qa3 23. Qc2 b4 24. c4 Rxc4 25. Qxc4 Qxc1+ 26. Qxc1 Rxc1+
27. Re1 Rxe1+ 28. Nxe1 Bxd4 29. Nc2 Bc5 30. Kf1 a5 31. Ke2 a4 32. Kd3 b3 33.
axb3 axb3 34. Ne3 Bxe3 35. fxe3 Kg7 36. Kc3 Kf6 37. Kxb3 Ke5 38. Kc3 Ke4 39.
Kd2 h5 40. Ke2 g5 41. h3 f5 42. Kf2 Kd3 43. g3 e5 44. Kf3 g4+ 45. hxg4 hxg4+
46. Kf2 Kd2
0-1

[Event "Sveins 10. minneturnering"]
[Site "Oslo"]
[Date "2017.06.23"]
[Round "1"]
[White "Solberg, Joachim"]
[Black "Chachkes, George D"]
[Result "1-0"]
[WhiteElo "2257"]
[BlackElo "1681"]
[PlyCount "61"]
[EventDate "2017.??.??"]

1. Nc3 Nf6 2. e4 d6 3. d4 g6 4. f4 Bg7 5. Nf3 O-O 6. Bd3 Nfd7 7. O-O e5 8. fxe5
dxe5 9. Bg5 f6 10. Be3 Nc6 11. Bc4+ Kh8 12. d5 Ncb8 13. Qd2 Nb6 14. Bb3 N8d7
15. a4 a5 16. Nb5 c6 17. dxc6 bxc6 18. Nd6 Qe7 19. Rfd1 Ra6 20. Qc3 Nd5 21.
Nxc8 Nxc3 22. Nxe7 Nxd1 23. Rxd1 Nb6 24. Nxc6 Nc4 25. Bxc4 Rxc6 26. b3 Ra8 27.
Rd7 Rcc8 28. Kf2 Bf8 29. g4 Bc5 30. g5 Bxe3+ 31. Kxe3
1-0

[Event "Sveins 10. minneturnering"]
[Site "Oslo"]
[Date "2017.06.23"]
[Round "1"]
[White "Sidali, Elias Hulleberg"]
[Black "Al-Tarbosh, Ward"]
[Result "0-1"]
[WhiteElo "1675"]
[BlackElo "2248"]
[PlyCount "114"]
[EventDate "2017.??.??"]

1. e4 e6 2. d4 d5 3. exd5 exd5 4. Bd3 Nc6 5. c3 Bd6 6. Nf3 Bg4 7. O-O Qd7 8.
Be3 f6 9. Nbd2 g5 10. c4 O-O-O 11. Qa4 Kb8 12. cxd5 Nb4 13. Qxd7 Rxd7 14. Bc4
Ne7 15. Ne4 Nbxd5 16. Nxd6 Rxd6 17. Nd2 Bf5 18. Rae1 Rhd8 19. f4 Nxe3 20. Rxe3
Nd5 21. Bxd5 Rxd5 22. fxg5 fxg5 23. Re5 Rxe5 24. dxe5 Bg6 25. e6 Re8 26. Nf3
Rxe6 27. Nxg5 Re8 28. Rd1 a6 29. Kf2 Re5 30. Nf3 Rc5 31. Rd2 a5 32. Nh4 Bb1 33.
a3 b5 34. Nf3 b4 35. axb4 axb4 36. Rd4 Rc2+ 37. Rd2 b3 38. Ke3 Rc5 39. Nd4 Bc2
40. Rf2 Rc4 41. Rf4 c5 42. Nxc2 Rxc2 43. Rf5 Kb7 44. g4 Kb6 45. Kd3 Kb5 46. Rh5
Kb4 47. Rxh7 c4+ 48. Kd4 Rd2+ 49. Ke4 Rxb2 50. g5 Rg2 51. h4 b2 52. Rb7+ Kc3
53. h5 Rxg5 54. h6 Rh5 55. h7 Kc2 56. Rc7 c3 57. h8=Q Rxh8
0-1

[Event "Sveins 10. minneturnering"]
[Site "Oslo"]
[Date "2017.06.23"]
[Round "1"]
[White "Merkesvik, Sondre"]
[Black "Papanek, Ella Sharpe"]
[Result "1-0"]
[WhiteElo "2220"]
[BlackElo "1671"]
[PlyCount "91"]
[EventDate "2017.??.??"]

1. Nf3 c5 2. g3 e6 3. Bg2 Nc6 4. O-O d5 5. d4 Nf6 6. c4 cxd4 7. Nxd4 Nxd4 8.
Qxd4 b6 9. Nc3 Bb7 10. Rd1 Bc5 11. Qd2 Ng4 12. e3 Qg5 13. cxd5 Qh5 14. h3 Ne5
15. Qe2 Qf5 16. b4 Be7 17. Qb5+ Kf8 18. d6 Bxg2 19. dxe7+ Kxe7 20. Kxg2 Qf3+
21. Kg1 f6 22. Bb2 Rac8 23. Ne2 Rc2 24. Rac1 Rhc8 25. Rxc2 Rxc2 26. Bxe5 fxe5
27. Qd7+ Kf6 28. Qd8+ Kg6 29. Qd3+ Qf5 30. e4 Qxh3 31. Qxc2 h5 32. Qd3 Qg4 33.
Kg2 Kh6 34. Qf3 Qg6 35. Rd8 a5 36. Rh8+ Kg5 37. Ng1 Qh6 38. Nh3+ Kg6 39. Rf8 a4
40. Qf7+ Kh7 41. Qg8+ Kg6 42. Qxe6+ Kh7 43. Qf5+ g6 44. Ng5+ Qxg5 45. Qf7+ Kh6
46. Rh8#
1-0

[Event "Sveins 10. minneturnering"]
[Site "Oslo"]
[Date "2017.06.23"]
[Round "1"]
[White "Grindbakken, Erik"]
[Black "Vestby-Ellingsen, Mads"]
[Result "0-1"]
[WhiteElo "1624"]
[BlackElo "2179"]
[PlyCount "46"]
[EventDate "2017.??.??"]

1. e4 e5 2. Nf3 Nc6 3. Nc3 Nf6 4. Bc4 Nxe4 5. Nxe4 d5 6. Bd3 dxe4 7. Bxe4 Bd6
8. c3 O-O 9. h3 f5 10. Bd5+ Kh8 11. d4 exd4 12. Bxc6 bxc6 13. Nxd4 Ba6 14. Qa4
Re8+ 15. Kd1 Bd3 16. Qxc6 Be4 17. Qb5 Rb8 18. Qf1 c5 19. f3 cxd4 20. fxe4 dxc3
21. bxc3 Qa5 22. Bd2 Qa4+ 23. Kc1 Ba3#
0-1

[Event "Sveins 10. minneturnering"]
[Site "Oslo"]
[Date "2017.06.23"]
[Round "1"]
[White "Moen, Ole Christian"]
[Black "Grønn, Embla Ekeland"]
[Result "1-0"]
[WhiteElo "2178"]
[BlackElo "1616"]
[PlyCount "69"]
[EventDate "2017.??.??"]

1. e4 c6 2. Nc3 d5 3. d4 dxe4 4. Nxe4 Bf5 5. Ng3 Bg6 6. Nh3 h6 7. Nf4 Bh7 8.
Bc4 e6 9. O-O Nd7 10. Re1 Ngf6 11. Bxe6 Be7 12. Qe2 O-O 13. Bxd7 Bb4 14. c3
Bxc3 15. bxc3 Qxd7 16. Qf3 Rfe8 17. Bb2 Rxe1+ 18. Rxe1 Re8 19. Rxe8+ Qxe8 20.
Qe3 Qxe3 21. fxe3 Ne4 22. Nxe4 Bxe4 23. Kf2 Kf8 24. Ba3+ Ke8 25. Nh5 Bd5 26.
Nxg7+ Kd7 27. Nf5 h5 28. h4 Bxa2 29. Ng3 a5 30. Nxh5 a4 31. e4 Bb1 32. g4 Ke6
33. Ke3 Bc2 34. g5 Bd1 35. Nf6
1-0

[Event "Sveins 10. minneturnering"]
[Site "Oslo"]
[Date "2017.06.23"]
[Round "1"]
[White "Gaure, Sigurd Lauvas"]
[Black "Haubro, Sigfred"]
[Result "0-1"]
[WhiteElo "1532"]
[BlackElo "2175"]
[PlyCount "126"]
[EventDate "2017.??.??"]

1. e4 d5 2. Bd3 dxe4 3. Bxe4 Nf6 4. Bf3 c6 5. h3 Bf5 6. d3 e6 7. Ne2 Bd6 8. O-O
Qb6 9. Nd2 Qd8 10. Nc3 Nbd7 11. Nde4 Bb8 12. b3 O-O 13. Ba3 c5 14. Ng3 Bxg3 15.
fxg3 Qb6 16. Kh2 Rad8 17. Qe2 Rfe8 18. Ne4 Bg6 19. Rad1 Qc7 20. d4 Nxe4 21.
Bxe4 Bxe4 22. Qxe4 Nf6 23. Qe5 Qxe5 24. dxe5 Nd7 25. Rfe1 b6 26. Rd6 Nf8 27.
Red1 Rc8 28. c3 f6 29. exf6 gxf6 30. b4 cxb4 31. Bxb4 Kf7 32. R6d3 a5 33. Bxf8
Kxf8 34. Rb1 Rc6 35. Rd7 Re7 36. Rd8+ Kf7 37. Rb8 Rxc3 38. R8xb6 Ra3 39. R1b2
h6 40. Re2 e5 41. Rc2 Kg7 42. g4 e4 43. Rb3 Rxb3 44. axb3 Rb7 45. Rc3 Kf7 46.
Kg3 Rb4 47. Kf4 Ke6 48. Rc6+ Kf7 49. Kf5 e3 50. Rc3 Rb5+ 51. Kf4 e2 52. Rc7+
Kg6 53. Rc1 Rxb3 54. Re1 Rb2 55. h4 a4 56. Kf3 a3 57. Rc1 a2 58. Rc7 h5 59.
gxh5+ Kh6 60. g4 e1=Q 61. g5+ fxg5 62. hxg5+ Kxg5 63. Rg7+ Kf6
0-1

[Event "Sveins 10. minneturnering"]
[Site "Oslo"]
[Date "2017.06.23"]
[Round "1"]
[White "Sousa, Ludy Helsio P"]
[Black "Amarapala, Sheroni"]
[Result "1-0"]
[WhiteElo "2159"]
[BlackElo "1471"]
[PlyCount "47"]
[EventDate "2017.??.??"]

1. e4 e5 2. Nf3 Nc6 3. Bc4 Bc5 4. b4 Bb6 5. c3 Nf6 6. d3 h6 7. a4 a6 8. Ba3 d6
9. O-O Bg4 10. Nbd2 O-O 11. h3 Bh5 12. Bb3 Re8 13. Nc4 Ba7 14. b5 axb5 15. axb5
Ne7 16. Re1 Qd7 17. Bb4 Nh7 18. Ncxe5 dxe5 19. Nxe5 Bxd1 20. Bxf7+ Kh8 21. Nxd7
Red8 22. Ne5 c5 23. bxc6 Nxc6 24. Ng6#
1-0

[Event "Sveins 10. minneturnering"]
[Site "Oslo"]
[Date "2017.06.23"]
[Round "1"]
[White "Landsverk, Ida"]
[Black "Nordquelle, Daniel"]
[Result "0-1"]
[WhiteElo "1415"]
[BlackElo "2143"]
[PlyCount "76"]
[EventDate "2017.??.??"]

1. e4 c5 2. Nf3 d6 3. d4 cxd4 4. Nxd4 Nf6 5. Nc3 a6 6. f3 e5 7. Nb3 Be6 8. Be3
h5 9. Qd2 Nbd7 10. Be2 Be7 11. O-O-O b5 12. h3 h4 13. Rdg1 Nh5 14. Bd1 Ng3 15.
Rh2 Nb6 16. Qe1 Nc4 17. Kb1 Nxe3 18. Qxe3 Bg5 19. Qe1 Bf4 20. Nc1 Qb6 21. N1e2
Nxe2 22. Nxe2 Bxh2 23. Rh1 Bf4 24. Nxf4 exf4 25. Qd2 g5 26. Re1 Qc5 27. c3 a5
28. Bc2 b4 29. Qd4 Qxd4 30. cxd4 Ke7 31. d5 Bd7 32. e5 dxe5 33. Rxe5+ Kf6 34.
Re2 Rhe8 35. Be4 Bf5 36. d6 Rad8 37. Rd2 Bxe4+ 38. fxe4 Rxe4
0-1

[Event "Sveins 10. minneturnering"]
[Site "Oslo"]
[Date "2017.06.23"]
[Round "1"]
[White "Kizatbay, Abyl"]
[Black "Sharma, Neil E"]
[Result "1-0"]
[WhiteElo "2134"]
[BlackElo "1402"]
[PlyCount "79"]
[EventDate "2017.??.??"]

1. e4 Nc6 2. Nf3 e5 3. d4 exd4 4. Nxd4 Nf6 5. Nxc6 bxc6 6. e5 Nd5 7. c4 Nb6 8.
Bd3 Bc5 9. Qg4 Bf8 10. Bg5 h5 11. Bxd8 hxg4 12. Bxc7 Ba6 13. Nd2 Bb4 14. b3 O-O
15. Bd6 Bxd6 16. exd6 Rfe8+ 17. Kd1 Re6 18. Ne4 Nc8 19. Nc5 Rxd6 20. Kc2 Rf6
21. Rhf1 Bxc4 22. bxc4 Nb6 23. f3 gxf3 24. Rxf3 Rh6 25. h3 Rh5 26. Nb3 Re8 27.
Raf1 Re7 28. Rf5 Rh6 29. R1f2 Rhe6 30. Ra5 Nc8 31. Nd4 Rf6 32. Rxf6 gxf6 33.
Nf5 Re5 34. Rxe5 fxe5 35. c5 Kf8 36. h4 Ne7 37. Nxe7 Kxe7 38. g4 Kf6 39. g5+
Kg7 40. Bf5
1-0